Word Ladder: Phrase Finder Quiz Stats

 Plays Quiz Updated Nov 30, 2012

Support Sporcle.
Go Orange.
Score 0/14 Timer 02:00
0 Plays Today
Clue Answer % Correct
'What a difference a day ____...'►MAKES◄
97.8%
Female horsesMARES
92.2%
Baked goodsCAKES
87.6%
Collected groups of actorsCASTS
74.4%
Class or societal hierarchical levelCASTE
69.4%
Boxes or containersCASES
67.7%
Excessive speed or urgency►HASTE◄
66.3%
Clue Answer % Correct
RetailersMARTS
62.2%
Roles in a play, perhapsPARTS
58%
Ex ____, Latin legal term meaning 'from one party'PARTE
46.8%
Garbage, rubbish►WASTE◄
44.9%
Ctrl-V, in most programsPASTE
44.3%
Dated or old-fashionedPASSÉ
36.6%
Break down, as speechPARSE
35.7%

Today's Daily Dose

Word Ladder
Math Aid

Get the Picture
Warrior Women

You're not logged in!

Compare scores with friends on all Sporcle quizzes.
OR
Log In
Forgot?

From the Vault

NHL Teams That Don't Use Red or Blue

by Habs_Expos

Sports 60s
These teams are as cold as ice.
Remove Ads.
Support Sporcle.
Get the best of Sporcle when you Go Orange. This ad-free experience offers more features, more stats, and more fun while also helping to support Sporcle. Thank you for becoming a member.

Show Comments

Extras

Top Quizzes Today


Score Distribution

Your Account Isn't Verified!

In order to create a playlist on Sporcle, you need to verify the email address you used during registration. Go to your Sporcle Settings to finish the process.

Report this User

Report this user for behavior that violates our Community Guidelines.

Details: